Canada : (Record no. 8173)
[ view plain ]
| 000 -LEADER | |
|---|---|
| fixed length control field | 00810cas a2200241u| 4500 |
| 001 - CONTROL NUMBER | |
| control field | 8173 |
| 003 - CONTROL NUMBER IDENTIFIER | |
| rucl marc code | BD-RjUL |
| 005 - DATE AND TIME OF LATEST TRANSACTION | |
| control field | 20211208234534.0 |
| 008 - FIXED-LENGTH DATA ELEMENTS--GENERAL INFORMATION | |
| fixed length control field | 140118r19511950enk |||||||||||| ||eng| |
| 035 ## - SYSTEM CONTROL NUMBER | |
| System control number | (BD-RjUL) |
| 040 ## - CATALOGING SOURCE | |
| Original cataloging agency | DLC |
| Transcribing agency | CarP |
| Modifying agency | DLC |
| Language of cataloging | eng |
| 041 ## - LANGUAGE CODE | |
| Language code of text/sound track or separate title | eng |
| 082 ## - DEWEY DECIMAL CLASSIFICATION NUMBER | |
| Edition number | 12 |
| Classification number | 378.34 |
| Author mark and year | JOC 1948-1951 |
| 100 1# - MAIN ENTRY--PERSONAL NAME | |
| Personal name | Jopson, Keith R. |
| Fuller form of name | R. Keith Jopson |
| 9 (RLIN) | 25458 |
| 110 1# - MAIN ENTRY--CORPORATE NAME | |
| Corporate name or jurisdiction name as entry element | Great Britain. |
| Subordinate unit | Commercial Relations and Exports Department [from old catalog] |
| 9 (RLIN) | 133650 |
| 245 10 - TITLE STATEMENT | |
| Title | Canada : |
| Remainder of title | economic and commercial conditions in Canada / |
| Statement of responsibility, etc. | R. Keith Jopson |
| 260 ## - PUBLICATION, DISTRIBUTION, ETC. (IMPRINT) | |
| Place of publication, distribution, etc. | London : |
| Name of publisher, distributor, etc. | H. M. Stationery Off., |
| Date of publication, distribution, etc. | 1948 |
| 300 ## - PHYSICAL DESCRIPTION | |
| Pagination | 166 p. ; |
| Size | 25 cm. |
| 651 #0 - SUBJECT ADDED ENTRY--GEOGRAPHIC NAME | |
| Geographic name | Canada |
| General subdivision | Economic conditions |
| Chronological subdivision | 1918-1945. |
| 9 (RLIN) | 8866 |
| Geographic name | Canada |
| General subdivision | Commerce. [from old catalog] |
| 9 (RLIN) | 8867 |
| 942 ## - ADDED ENTRY ELEMENTS (KOHA) | |
| Source of classification or shelving scheme | Dewey Decimal Classification |
| Koha item type | Books |
| Lost status | Source of classification or shelving scheme | Damaged status | Not for loan | Collection code | Permanent Location | Current Location | Shelving location | Date acquired | Source of acquisition | Cost, normal purchase price | Total Checkouts | Full call number | Date last seen | Copy number | Koha item type |
|---|---|---|---|---|---|---|---|---|---|---|---|---|---|---|---|
| Dewey Decimal Classification | Non-fiction | Central Library, University of Rajshahi | Central Library, University of Rajshahi | 03/02/1962 | A. I. Qurishi | 15.00 | 378.34 JOC 1948 | 01/08/2016 | C-2 | Books |